El Libertador Bolívar y el deán Funes en la política argentina (Record no. 144742)

MARC details
000 -LEADER
campo de control de longitud fija 00946nam a2200277 4500
001 - NÚMERO DE CONTROL
campo de control 144742
003 - IDENTIFICADOR DE NÚMERO DE CONTROL
campo de control ES-MaACL
005 - FECHA Y HORA DE LA ÚLTIMA TRANSACCIÓN
campo de control 20250928102047.0
007 - CAMPO FIJO DE DESCRIPCIÓN FÍSICA--INFORMACIÓN GENERAL
campo de control de longitud fija t|
008 - DATOS DE LONGITUD FIJA--INFORMACIÓN GENERAL
campo de control de longitud fija 070214q1918 sp r ||||1| spa d
080 ## - NÚMERO DE LA CLASIFICACIÓN DECIMAL UNIVERSAL
Número de la Clasificación Decimal Universal 982"18"
080 ## - NÚMERO DE LA CLASIFICACIÓN DECIMAL UNIVERSAL
Número de la Clasificación Decimal Universal 32:929 Bolívar, Simón
080 ## - NÚMERO DE LA CLASIFICACIÓN DECIMAL UNIVERSAL
Número de la Clasificación Decimal Universal 32:929 Funes, Gregorio
100 1# - ENTRADA PRINCIPAL--NOMBRE DE PERSONA
Nombre de persona Silva, J. Francisco V.
9 (RLIN) 106369
245 13 - MENCIÓN DEL TÍTULO
Título El Libertador Bolívar y el deán Funes en la política argentina
Resto del título : (revisión de la historia argentina) /
Mención de responsabilidad, etc. J. Francisco V. Silva.
260 ## - PUBLICACIÓN, DISTRIBUCIÓN, ETC.
Lugar de publicación, distribución, etc. Madrid :
Nombre del editor, distribuidor, etc. Edit. América,
Fecha de publicación, distribución, etc. [1918?]
300 ## - DESCRIPCIÓN FÍSICA
Extensión 421 p. ;
Dimensiones 23 cm.
490 1# - MENCIÓN DE SERIE
Mención de serie Biblioteca Ayacucho ;
Designación de volumen o secuencia 25
600 17 - PUNTO DE ACCESO ADICIONAL DE MATERIA--NOMBRE DE PERSONA
Nombre de persona Funes, Gregorio,
Fechas asociadas al nombre 1749-1829
Fuente del encabezamiento o término
9 (RLIN) 146568
600 14 - PUNTO DE ACCESO ADICIONAL DE MATERIA--NOMBRE DE PERSONA
Nombre de persona Bolívar, Simón,
Fechas asociadas al nombre 1783-1830
9 (RLIN) 29964
651 #4 - PUNTO DE ACCESO ADICIONAL DE MATERIA--NOMBRE GEOGRÁFICO
Nombre geográfico Argentina-
Subdivisión general Historia-
Subdivisión cronológica 1817-1860.
9 (RLIN) 146569
830 0# - PUNTO DE ACCESO ADICIONAL DE SERIE-TÍTULO UNIFORME
Título uniforme Biblioteca Ayacucho ;
Designación de volumen o secuencia 25
9 (RLIN) 177888
852 ## - LOCALIZACIÓN
Ubicación ES-MaACL
Número de control de estantería D-1109
852 ## - LOCALIZACIÓN
Ubicación ES-MaACL
Número de control de estantería F-1565
Holdings
Estatus retirado Estado de pérdida Estado de daño No para préstamo Biblioteca de origen Biblioteca actual Ubicación en estantería Fecha de adquisición Fuente de adquisición Total de préstamos Signatura topográfica completa Código de barras Visto por última vez Precio de reemplazo Tipo de ítem Koha
        Biblioteca del Ateneo de Madrid Biblioteca del Ateneo de Madrid Depósito 2 17/01/2008     F-1565 1150935 23/02/2023 23/02/2023 Libro impreso
        Biblioteca del Ateneo de Madrid Biblioteca del Ateneo de Madrid Sala Valle Inclán 17/01/2008     D-1109 901150934 23/02/2023 23/02/2023 Libro impreso